Responses for show #7657 - Tuesday, December 19, 2017

WE ASKED: Leonard Maltin.

Contestants

Jordan Garroway, a mechanical engineer from Rochester, New York

Lisa Beth Davis, a retired Army master sergeant from Altadena, California

Kate O’Connor, an insurance salesperson from Florence, New Jersey (whose 1-day cash winnings total $21,000)

Jeopardy! Round responses

CHRISTMAS MOVIES WITH LEONARD MALTIN
SOUNDS LIKE A LIQUOR BRAND
AMERICAN HISTORY
FIRST LADIES OF THE WORLD
"SOCIAL"
SECURITY!
    $200 26
Elf

Jordan
    $200 20
Bombay

Jordan
    $200 1
France

Lisa Beth
    $200 6
Japan

Kate
    $200 11
a social butterfly

Lisa Beth
    $200 16
a metal detector

Jordan
    $400 27
(Lisa Beth: What's Scrooge?)
[Originally ruled correct; ruled incorrect before Double Jeopardy!]

Scrooged

Lisa Beth
Triple Stumper
    $400 21
absolute

Jordan
    $400 2
(Kate: What is antebellum?)

Reconstruction

KateLisa Beth
    $400 7
Mugabe

Lisa Beth
    $400 12
a social secretary

Lisa Beth
    $400 17
(Lisa Beth: What's a body search?)

a full nelson

Lisa Beth
Triple Stumper
    $600 28
Miracle on 34th Street

Jordan
    $600 22
Beefeater

Jordan
    $600 3
(Lisa Beth: What is "Stars And Stripes"?)
(Alex: Yes. Forever.)
[Originally ruled correct; ruled incorrect before the Daily Double]

"Stars And Stripes Forever"

Lisa Beth
Triple Stumper
    $1,000 8
Mexico

Lisa Beth
    $600 13
The Social Network

Jordan
    $600 18
mace

Jordan
    $800 29
Ralphie

Kate
    $800 23
grey goose

Jordan
    $800 4
the militia

Jordan
    $800 9
Kim Jong-Un

Jordan
    $800 14
a social worker

Lisa Beth
    $800 19
radio frequency identification

Kate
    $1000 30
(Alex: And of course, our thanks to Leonard Maltin for that category.)

Holiday Inn

Triple Stumper
    $1000 24
bush mills

Triple Stumper
    $1000 5
(Thomas) Watson

Kate
    $1000 10
(Lisa Beth: Who's Daniel Noriego?)
(Kate: Who's Noriega?)

Daniel Ortega

KateLisa Beth
Triple Stumper
    $1000 15
Social Darwinism

Jordan
    $1000 25
perimeter

Kate

Scores at the first commercial break (after clue 15):

Kate Lisa Beth Jordan
-$200 $1,800 $3,200

Scores at the end of the Jeopardy! Round:

Kate Lisa Beth Jordan
$2,400 $1,000 $6,800

Double Jeopardy! Round responses

THE CITY OF NICKNAMES
MORE THAN ONE MEANING
MICROBIOTA
DEAD MEN TELL SOME TALES
ANGELS IN AMERICA
"HOPE"FUL ENTERTAINMENT
    $400 6
Prague

Jordan
    $400 11
a quarry

Lisa Beth
    $400 18
(Jordan: What are lice?)

mites

Lisa BethJordan
    $400 16
heaven

Jordan
    $400 22
an angel investor

Lisa Beth
    $400 1
A New Hope

Jordan
    $800 7
porcelain

Lisa Beth
    $800 12
junk

Lisa Beth
    $800 26
the gut

Jordan
    $1,000 17
(Jordan: What is Death of a Salesman?)

Our Town

Jordan
    $3,000 23
(Alex: Less than a minute to go now.)

the Blue Angels

Lisa Beth
    $800 2
Bob Hope

Kate
    $1200 8
witches

Lisa Beth
    $1200 13
delinquent

Kate
    $1200 27
[The end-of-round signal sounds.]

Yellowstone National Park

Kate
    $1200 20
(Lisa Beth: Who's Kierkegaard?)

Niels Bohr

Lisa Beth
Triple Stumper
    $1200 24
Nolan Ryan

Kate
    $1200 3
Hope Floats

Kate
    $1600 9
Bordeaux

Triple Stumper
    $1600 14
a circular

Lisa Beth
    $1600 21
Spoon River

Lisa Beth
    $1600 25
(Lisa Beth: What's an angel fish?)

an angel shark

Lisa Beth
Triple Stumper
    $1600 4
(Lisa Beth: What is "I hope they don't heat up"?)

"I hope I die before I get old"

KateLisa Beth
    $2000 10
Canton

Triple Stumper
    $2000 15
(Lisa Beth: What is dread?)

a pall

Lisa Beth
Triple Stumper
    $2000 19
Kurt Vonnegut, Jr.

Triple Stumper
    $2000 5
The Great White Hope

Lisa Beth

Scores at the end of the Double Jeopardy! Round:

Kate Lisa Beth Jordan
$9,600 $6,800 $7,400

[wagering suggestions for these scores]

Final Jeopardy! Round responses

WORLD WAR II
Lisa BethWhat is Iwo Jima?
$6,800
JordanWhat is Etna?
$6,200
KateWhat is Iwo Jima?
$9,600
Iwo Jima

Final scores:

Kate Lisa Beth Jordan
$19,200 $13,600 $1,200
2-day champion: $40,200 2nd place: $2,000 3rd place: $1,000

Game dynamics:

Coryat scores:

Kate Lisa Beth Jordan
$9,600 $4,200 $8,400
11 R,
2 W
17 R
(including 2 DDs),
8 W
16 R,
2 W
(including 1 DD)

Combined Coryat: $22,200

The J! Archive is created by fans, for fans. The Jeopardy! game show and all elements thereof, including but not limited to copyright and trademark thereto, are the property of Jeopardy Productions, Inc. and are protected under law. This website is not affiliated with, sponsored by, or operated by Jeopardy Productions, Inc. Join the discussion at JBoard.tv.